| 000 | 00700nam a2200241 a 4500 | ||
|---|---|---|---|
| 008 | |||
| 049 | _aMAIN | ||
| 090 | _aQA401BRO | ||
| 100 | 1 | 0 | _aBrown, B. M. |
| 245 | 1 | 4 |
_aThe mathematical theory of linear systems/ _c[by] B.M. Brown. |
| 260 | 0 |
_aLondon: _bChapman & Hall; _c1965. |
|
| 300 |
_axiii, 279 p. : _bill. ; _c23 cm. |
||
| 490 | 1 | _aAutomation and control engineering series. | |
| 500 | _aIncludes index. | ||
| 650 | 0 | _aSystem analysis. | |
| 650 | 0 | _aLinear systems. | |
| 650 | 0 | _aFeedback control systems. | |
| 907 |
_a.b10162793 _b07-07-05 _c10-05-05 |
||
| 003 | |||
| 005 | 20230123134008.0 | ||
| 040 | _cNUST | ||
| 942 |
_cBOOKS _kQA401BRO |
||
| 999 |
_c158217 _d158217 |
||